000 00642nam a22001937a 4500
999 _c12556
_d12556
003 AR-CdUCM
008 190409b ||||| |||| 00| 0 spa d
040 _aMUNICIPALIDAD PROVINCIAL DEL CUSCO
_cBIBLIOTECA MUNICIPAL DEL CUSCO
082 _aC / 869.56 /
_bH64 / 1961
100 _aFlorian, Mario
_914609
245 _aMachu Picchu de voces triunfales :
_bOda heroica a Machu Picchu /
260 _aMachu Picchu :
_bTalleres gráficos CIA,
_c1961.
300 _a11 paginas ;
_c24 cm.
505 _aContenido :Poesías /
650 _aLiteratura peruana
_9169
650 _aPoesia
_95517
942 _2ddc
_cLIBROS
945 _arjall
_d2019-04-09